[Event "17. Rusia tch 2010 Premier League"]
[Site "Dagomys RUS"]
[Date "2010.04.03"]
[Round "3.32"]
[White "Rakhmanov, Aleksandr"]
[Black "Eljanov, Pavel"]
[Result "0-1"]
[WhiteElo "2584"]
[BlackElo "2736"]
[PlyCount "124"]
[EventDate "2010.04.01"]
[EventType "team"]
[EventRounds "9"]
[EventCountry "RUS"]
[Source "lmi"]
[SourceDate "2010.04.01"]

1. d4 Nf6 2. c4 e6 3. Nc3 Bb4 4. e3 O-O 5. Bd3 d5 6. Nge2 dxc4 7. Bxc4 c5 8.
O-O cxd4 9. exd4 Nbd7 10. Qd3 Nb6 11. Bb3 Bd7 12. Qg3 Re8 13. Bg5 Bc6 14. Rfe1
Bd5 15. Bc2 Be7 16. Nf4 Bc4 17. Re5 Qxd4 18. Rae1 Nbd7 19. Bh6 g6 20. Rg5 Bf8
21. Bxf8 Nxf8 22. h4 Qd2 23. Qe3 Qxe3 24. Rxe3 b6 25. Rgg3 Red8 26. Bd3 Rac8
27. Nfe2 N8d7 28. Bxc4 Rxc4 29. Rd3 Rxh4 30. Rd6 Rc8 31. Rgd3 Nc5 32. Rd8+ Rxd8
33. Rxd8+ Kg7 34. g3 Rb4 35. b3 Nfe4 36. Nxe4 Rxe4 37. Nd4 Re1+ 38. Kg2 Ra1 39.
b4 Ne4 40. Rd7 Rxa2 41. Nxe6+ Kf6 42. Nd8 Rxf2+ 43. Kg1 Kg7 44. Re7 Rd2 45.
Nxf7 Nxg3 46. Rxa7 Kf6 47. Nh6 Rb2 48. Rxh7 Rxb4 49. Ng8+ Kg5 50. Ne7 Nf5 51.
Nd5 Rb1+ 52. Kf2 b5 53. Rb7 Kg4 54. Ke2 g5 55. Kd2 Rb3 56. Nc3 Nd6 57. Rd7 b4
58. Nd5 Nc4+ 59. Kc2 Rb2+ 60. Kc1 b3 61. Ne3+ Kf3 62. Rd3 Ke4 0-1

[Event "17. Rusia tch 2010 Premier League"]
[Site "Dagomys RUS"]
[Date "2010.04.03"]
[Round "3.34"]
[White "Krylov, Mikhail"]
[Black "Alekseev, Evgeny"]
[Result "0-1"]
[WhiteElo "2530"]
[BlackElo "2700"]
[PlyCount "108"]
[EventDate "2010.04.01"]
[EventType "team"]
[EventRounds "9"]
[EventCountry "RUS"]
[Source "lmi"]
[SourceDate "2010.04.01"]

1. d4 Nf6 2. c4 e6 3. g3 c5 4. d5 exd5 5. cxd5 d6 6. Nc3 g6 7. Bg2 Bg7 8. Nf3
O-O 9. O-O Nbd7 10. Bf4 Qe7 11. h3 Nh5 12. Bg5 f6 13. Bd2 f5 14. Qc1 Ne5 15.
Ng5 Rb8 16. a4 h6 17. Ne6 Bxe6 18. dxe6 Kh7 19. b4 Qxe6 20. Nb5 Nc6 21. bxc5
Bxa1 22. Qxa1 dxc5 23. Qc1 a6 24. Nc3 g5 25. Nd5 Qd6 26. Bc3 Rbe8 27. Qb1 Rf7
28. e3 Qg6 29. Qb6 f4 30. g4 Ng7 31. Re1 fxe3 32. fxe3 c4 33. Qb2 Ref8 34. e4
Rf2 35. Qxf2 Rxf2 36. Kxf2 Qd6 37. e5 Qc5+ 38. Kf1 Ne6 39. Nf6+ Kg6 40. Bd5 Nf4
41. Be4+ Kf7 42. e6+ Nxe6 43. Bd5 Ncd8 44. Re5 Kxf6 45. Rxe6+ Kf7 46. Re5+ Kf8
47. Rf5+ Ke7 48. Bf6+ Kd7 49. Bg8 Qe3 50. Rd5+ Kc6 51. Bxd8 c3 52. Ba5 c2 53.
Bd2 c1=Q+ 54. Bxc1 Qxc1+ 0-1

[Event "17. Rusia tch 2010 Premier League"]
[Site "Dagomys RUS"]
[Date "2010.04.05"]
[Round "5.25"]
[White "Moiseenko, Alexander"]
[Black "Landa, Konstantin"]
[Result "1-0"]
[WhiteElo "2668"]
[BlackElo "2635"]
[PlyCount "129"]
[EventDate "2010.04.01"]
[EventType "team"]
[EventRounds "9"]
[EventCountry "RUS"]
[Source "lmi"]
[SourceDate "2010.04.01"]

1. d4 Nf6 2. c4 e6 3. Nc3 Bb4 4. Bg5 c5 5. d5 exd5 6. cxd5 d6 7. e3 Nbd7 8. Bb5
h6 9. Bh4 a6 10. Bxd7+ Bxd7 11. Nge2 g5 12. Bg3 Ne4 13. O-O Bxc3 14. Nxc3 Nxg3
15. hxg3 Qe7 16. e4 f6 17. Na4 Bxa4 18. Qxa4+ b5 19. Qc2 O-O 20. f4 Kg7 21. a4
Rae8 22. Rfe1 Qd7 23. axb5 axb5 24. Qf2 Re7 25. Ra6 Rfe8 26. Qf3 b4 27. Rea1 g4
28. Qd3 c4 29. Qd2 c3 30. bxc3 b3 31. e5 fxe5 32. fxe5 Qf5 33. Rxd6 Qg5 34.
Qxg5+ hxg5 35. e6 Rb8 36. Rb1 Kf6 37. Ra6 Ke5 38. c4 Kd4 39. Ra4 b2 40. Kf2 Kd3
41. c5 Rf8+ 42. Kg1 Kc2 43. Re1 Rf5 44. Ra2 Rxd5 45. Re2+ Kc3 46. Raxb2 Rxc5
47. Rb6 Kd3 48. Re1 Rd5 49. Rb4 Kd2 50. Rbe4 Rf5 51. R1e3 Rf6 52. Re5 Rg6 53.
R3e4 Kd3 54. Rxg4 Rexe6 55. Rxe6 Rxe6 56. Rxg5 Ke4 57. Rh5 Ra6 58. Kh2 Ra1 59.
Rb5 Rc1 60. Kh3 Rc3 61. Kh4 Rc2 62. g4 Rxg2 63. Kh5 Ra2 64. g5 Kf4 65. Kh6 1-0

[Event "17. Rusia tch 2010 Premier League"]
[Site "Dagomys RUS"]
[Date "2010.04.05"]
[Round "5.41"]
[White "Ivanchuk, Vassily"]
[Black "Khenkin, Igor"]
[Result "1/2-1/2"]
[WhiteElo "2748"]
[BlackElo "2597"]
[PlyCount "53"]
[EventDate "2010.04.01"]
[EventType "team"]
[EventRounds "9"]
[EventCountry "RUS"]
[Source "lmi"]
[SourceDate "2010.04.01"]

1. d4 Nf6 2. c4 e6 3. Nc3 Bb4 4. e3 O-O 5. Nge2 Re8 6. a3 Bf8 7. d5 d6 8. g3 c6
9. Bg2 exd5 10. cxd5 c5 11. O-O g6 12. e4 Nbd7 13. h3 b5 14. b4 a5 15. Rb1 axb4
16. axb4 cxb4 17. Rxb4 Nc5 18. Bg5 Bd7 19. Qb1 Na6 20. Rb2 b4 21. Na2 Bb5 22.
Re1 Bg7 23. Nd4 Qb6 24. Nxb5 Qxb5 25. e5 Nd7 26. Bf1 Qa5 27. Bxa6 1/2-1/2

[Event "17. Rusia tch 2010 Premier League"]
[Site "Dagomys RUS"]
[Date "2010.04.05"]
[Round "5.42"]
[White "Rakhmanov, Aleksandr"]
[Black "Movsesian, Sergei"]
[Result "1/2-1/2"]
[WhiteElo "2584"]
[BlackElo "2709"]
[PlyCount "57"]
[EventDate "2010.04.01"]
[EventType "team"]
[EventRounds "9"]
[EventCountry "RUS"]
[Source "lmi"]
[SourceDate "2010.04.01"]

1. d4 Nf6 2. c4 e6 3. Nc3 Bb4 4. e3 d5 5. Bd3 O-O 6. Nge2 dxc4 7. Bxc4 c5 8.
O-O cxd4 9. exd4 Nbd7 10. Qd3 Nb6 11. Bb3 Bd7 12. Qg3 Re8 13. Bh6 Bf8 14. Nf4
Bc6 15. Rad1 g6 16. Bxf8 Kxf8 17. Rfe1 Nbd5 18. Bxd5 Bxd5 19. Re5 Bc6 20. h4
Rc8 21. h5 Rc7 22. f3 Rd7 23. Nce2 Nd5 24. hxg6 hxg6 25. Kf2 Nxf4 26. Qxf4 Kg7
27. Rh1 Rh8 28. Rxh8 Qxh8 29. Rxe6 1/2-1/2

[Event "17. Rusia tch 2010 Premier League"]
[Site "Dagomys RUS"]
[Date "2010.04.10"]
[Round "9.14"]
[White "Panarin, Mikhail"]
[Black "Shimanov, Aleksandr"]
[Result "1/2-1/2"]
[PlyCount "128"]
[EventDate "2010.04.01"]
[EventType "team"]
[EventRounds "9"]
[EventCountry "RUS"]
[Source "lmi"]
[SourceDate "2010.04.01"]
[WhiteElo "2532"]
[BlackElo "2553"]

1. e4 c5 2. Nf3 d6 3. d4 cxd4 4. Nxd4 Nf6 5. Nc3 a6 6. Be2 Nbd7 7. O-O g6 8.
Be3 Bg7 9. f3 O-O 10. Nd5 e6 11. Nxf6+ Nxf6 12. c4 Qc7 13. Qd2 Rd8 14. Rac1 b6
15. Rfd1 Bb7 16. b4 Rab8 17. Nb3 Bc6 18. Kh1 Ne8 19. Bd3 Nf6 20. Bf1 Ne8 21.
Kg1 Nf6 22. b5 Bb7 23. Qf2 Nd7 24. bxa6 Bc8 25. a7 Ra8 26. Nd4 Bxd4 27. Rxd4 f6
28. Rcd1 Nc5 29. Qd2 Nb7 30. Qb2 Nc5 31. R4d2 Kf7 32. Rb1 Rxa7 33. Qxb6 Rb7 34.
Qxc7+ Rxc7 35. Rbd1 Rcd7 36. g3 Na4 37. Rb1 Rc7 38. Rb4 Nc5 39. Rb5 Rdd7 40.
Rb6 Ke7 41. Rd1 Rd8 42. Bd2 Ra7 43. Bb4 Rxa2 44. Rc6 Ra4 45. Rcxd6 Rxd6 46.
Bxc5 Raa6 47. Bd3 e5 48. Kf2 Rac6 49. Bxd6+ Kxd6 50. Be2+ Kc7 51. f4 Be6 52.
Rc1 Ra6 53. Rc3 Kc6 54. f5 Bf7 55. fxg6 Bxg6 56. Ke3 Ra2 57. Bd3 Rxh2 58. Ra3
Rg2 59. Kf3 Rb2 60. Ke3 Bh5 61. Ra6+ Kc5 62. Rxf6 Rg2 63. Rf5 Rxg3+ 64. Kf2
Rxd3 1/2-1/2

[Event "17. Rusia tch 2010 Premier League"]
[Site "Dagomys RUS"]
[Date "2010.04.10"]
[Round "9.24"]
[White "Ni, Hua"]
[Black "Movsesian, Sergei"]
[Result "1/2-1/2"]
[PlyCount "45"]
[EventDate "2010.04.01"]
[EventType "team"]
[EventRounds "9"]
[EventCountry "RUS"]
[Source "lmi"]
[SourceDate "2010.04.01"]
[WhiteElo "2667"]
[BlackElo "2709"]

1. e4 c5 2. Nf3 e6 3. d4 cxd4 4. Nxd4 Nc6 5. Nc3 a6 6. Nxc6 bxc6 7. Bd3 d5 8.
O-O Nf6 9. Re1 Be7 10. e5 Nd7 11. Qg4 g6 12. Na4 Qa5 13. Bh6 Qb4 14. Qxb4 Bxb4
15. c3 Ba5 16. b4 Bc7 17. f4 Nb6 18. Nxb6 Bxb6+ 19. Kf1 a5 20. a4 axb4 21. cxb4
Ba6 22. Ke2 Kd7 23. Reb1 1/2-1/2

[Event "17. Rusia tch 2010 Premier League"]
[Site "Dagomys RUS"]
[Date "2010.04.10"]
[Round "9.33"]
[White "Novikov, Stanislav"]
[Black "Caruana, Fabiano"]
[Result "1/2-1/2"]
[PlyCount "161"]
[EventDate "2010.04.01"]
[EventType "team"]
[EventRounds "9"]
[EventCountry "RUS"]
[Source "lmi"]
[SourceDate "2010.04.01"]
[WhiteElo "2552"]
[BlackElo "2680"]

1. c4 e5 2. Nc3 Bb4 3. g3 Bxc3 4. bxc3 Nc6 5. Bg2 d6 6. e4 Nge7 7. d4 O-O 8.
Nf3 b6 9. O-O f6 10. Be3 Na5 11. c5 Qe8 12. Qe2 Be6 13. Rfb1 Qh5 14. Qe1 dxc5
15. dxc5 Qf7 16. a4 Rfd8 17. Bf1 Bc4 18. Rd1 Nec6 19. Rxd8+ Rxd8 20. Rd1 Rxd1
21. Qxd1 Bxf1 22. Qxf1 Qc4 23. Qh3 Qxe4 24. Qc8+ Kf7 25. Qxc7+ Ne7 26. Nd2 Qxa4
27. Qxa7 b5 28. Qd7 h6 29. Kg2 Nac6 30. c4 bxc4 31. Ne4 Qc2 32. Nd6+ Kg6 33.
Qg4+ Kh7 34. Qxc4 Qg6 35. h3 Nf5 36. Qe4 Nxd6 37. Qxc6 Nf5 38. Qe4 Ne7 39. Qb7
Qe8 40. Kh2 Nc6 41. g4 Qe6 42. Qb1+ Kg8 43. Qe4 Kf7 44. Qh7 Kf8 45. Qh8+ Qg8
46. Qxg8+ Kxg8 47. Kg3 Kf7 48. Kf3 Ke6 49. Ke4 g5 50. Bd2 Ne7 51. Ba5 Nc6 52.
Bc3 Ne7 53. Ba5 Nc6 54. Bc7 Ne7 55. f3 Nd5 56. Bd8 Nb4 57. Ba5 Nc6 58. Bc3 Ne7
59. Ba5 Nc6 60. Bb6 Ne7 61. Ba5 Nc6 62. Bc3 Ne7 63. Be1 Nd5 64. h4 gxh4 65.
Bxh4 h5 66. gxh5 f5+ 67. Kd3 Nf4+ 68. Kc4 Nxh5 69. c6 Kd6 70. Kb5 Kc7 71. Bg5
e4 72. fxe4 fxe4 73. Kc5 Ng7 74. Bf4+ Kc8 75. Kd5 Nf5 76. Kxe4 Ne7 77. c7 Nc6
78. Kd5 Nb4+ 79. Kd6 Na6 80. Kc6 Nxc7 81. Bxc7 1/2-1/2